| 000 | 00000nam 2200000za 4500 |
| 001 | 9.833254 |
| 003 | CaOODSP |
| 005 | 20221107150200 |
| 007 | cr ||||||||||| |
| 008 | 170301s1936 onc #of f001 0 eng d |
| 040 | |aCaOODSP|beng |
| 043 | |an-cn-mb|an-cn-sn|an-cn-ab |
| 086 | 1 |aCS98-1936IE-PDF|zCS98-1936I |
| 245 | 00|aCensus of Manitoba, Saskatchewan and Alberta 1936, instructions to commissioners and enumerators |h[electronic resource]. |b |
| 246 | 30|aInstructions to commissioners and enumerators |
| 246 | 36|aRules, regulations and instructions, census 1936 |
| 260 | |aOttawa : |bDominion Bureau of Statistics,|c1936 |f(J.O. Patenaude, Printer to the King's Most Excellent Majesty) |
| 300 | |aviii, 85 p. |
| 500 | |a"Approved by Order in Council". |
| 500 | |aCover title. |
| 500 | |aHistorical census publication digitized in 2010 [by Statistics Canada]. |
| 500 | |aIssued also in French under title: Recensement de Manitoba, Saskatchewan et Alberta, 1936, instructions aux commissaires et énumérateurs, recensement 1936 |
| 504 | |aIncludes index. |
| 520 | 0 |aContains the rules, regulations and instructions to officers employed in the taking of the census, plus an appendix on "Schedule rates" and an appendix, "Extracts from the Statistics Act, 8-9, George V, Chapter 43, Statistics Act, 1918". |
| 692 | 07|2gccst|aCensus |
| 692 | 07|2gccst|aHandbooks |
| 710 | 1 |aCanada. |bDominion Bureau of Statistics. |
| 775 | 08|tRecensement de Manitoba, Saskatchewan et Alberta 1936, instructions aux commissaires et énumérateurs, recensement 1936 |w(CaOODSP)9.833256 |
| 795 | |tCensus of Manitoba, Saskatchewan and Alberta 1926, instructions to commissioners and enumerators |w(CaOODSP)9.830351 |
| 856 | 40|qPDF|s3.59 MB|uhttps://publications.gc.ca/collections/collection_2017/statcan/CS98-1936I-eng.pdf |